000 00494nam a22001697a 4500
003 BD-DhUL
005 20170328110406.0
008 170320s1346 ua ||||| |||| 00| 0 a d
040 _aBD-DhUL
_cBD-DhUL
082 _a297
_bIBO
100 0 _aابن تيمیۃ
245 1 0 _aالقيا س فى الشرع الاسلاى /
_cابن تيمیۃ
260 _aالقاهرة :
_bمطبعة سلفية،
_c۱۳۴۶۔
300 _aص۔ ۲۳۶ ؛
_c۲۰ سم۔
650 0 _aIslam
942 _2ddc
_cBK
999 _c168707
_d168707